Wszyscy Posłowie na Sejm RP IX kadencji - Statystyki

Ogólne statystyki
  • Ten quiz został rozwiązany 584 razy
  • Średni wynik to 74 z 462
Statystyki odpowiedzi
Partia Poseł PODPOWIEDŹ % Poprawnych
PiS Jarosław Kaczyński
92%
PiS Filip Kaczyński
89%
Konfederacja Janusz Korwin-Mikke
87%
Konfederacja Krzysztof Bosak
85%
PiS Mateusz Morawiecki
81%
PSL-Kukiz15 Paweł Kukiz
81%
Konfederacja Grzegorz Braun
79%
KO Paweł Kowal
76%
PSL-Kukiz15 Władysław Kosiniak-Kamysz
76%
Lewica Włodzimierz Czarzasty
76%
PiS Zbigniew Ziobro Minister sprawiedliwości
76%
KO Borys Budka
73%
PiS Janusz Kowalski
73%
PiS Przemysław Czarnek
72%
KO Tomasz Nowak
69%
PiS Elżbieta Witek
68%
PiS Mariusz Błaszczak Minister obrony narodowej
66%
Lewica Adrian Zandberg
65%
PiS Ryszard Terlecki
63%
Konfederacja Artur Dziambor
62%
PiS Jacek Sasin Minister aktywów państwowych
61%
Konfederacja Krystian Kamiński
61%
PiS Mariusz Kamiński Minister spraw wewnętrznych i administracji
61%
PiS Andrzej Sośnierz
60%
Konfederacja Dobromirz Sośnierz
60%
KO Grzegorz Schetyna
59%
PiS Jarosław Gowin
54%
KO Małgorzata Kidawa-Błońska
54%
Konfederacja Robert Winnicki
51%
PSL-Kukiz15 Stanisław Żuk
51%
Konfederacja Jakub Kulesza
50%
Konfederacja Konrad Berkowicz
50%
Lewica Krzysztof Śmiszek
50%
Lewica Joanna Scheuring-Wielgus
49%
Lewica Anna Żukowska
47%
PiS Antoni Macierewicz
46%
Lewica Agnieszka Dziemianowicz-Bąk
42%
PiS Michał Jach
42%
KO Klaudia Jachira
41%
PiS Elżbieta Duda
40%
PiS Jan Duda
40%
PiS Łukasz Szumowski
40%
PiS Marek Suski
40%
KO Sławomir Nitras
40%
PSL-Kukiz15 Stanisław Tyszka
40%
KO Katarzyna Lubnauer
38%
PiS Henryk Kowalczyk
37%
KO Barbara Nowacka
35%
PiS Jan Ardanowski Minister rolnictwa i rozwoju wsi
35%
KO Jarosław Urbaniak
35%
Lewica Joanna Senyszyn
35%
Konfederacja Michał Urbaniak
35%
KO Joanna Mucha
34%
Konfederacja Krzysztof Tuduj
33%
PiS Marlena Maląg Minister rodziny, pracy i polityki społecznej
33%
PSL-Kukiz15 Piotr Zgorzelski
33%
PiS Jadwiga Emilewicz Minister rozwoju
32%
PiS Andrzej Adamczyk
31%
PSL-Kukiz15 Marek Sawicki
31%
PiS Piotr Gliński
31%
Lewica Rafał Adamczyk
31%
Niezrzeszony Ryszard Galla Wybrany z ramienia KWW Mniejszość Niemiecka
31%
Lewica Hanna Gill-Piątek
30%
Lewica Magdalena Biejat
30%
PiS Piotr Kaleta
30%
PiS Sebastian Kaleta
30%
Lewica Krzysztof Gawkowski
29%
PiS Małgorzata Gosiewska
29%
PiS Danuta Nowicka
27%
Lewica Paulina Matysiak
27%
Lewica Wanda Nowicka
27%
KO Cezary Tomczyk
26%
KO Dariusz Joński
26%
PiS Dariusz Piontkowski Minister edukacji narodowej
26%
PiS Marek Kuchciński
26%
Lewica Monika Pawłowska
26%
PiS Adam Andruszkiewicz
25%
PSL-Kukiz15 Jarosław Sachajko
25%
KO Michał Szczerba
25%
PiS Piotr Müller
25%
Lewica Tomasz Trela
25%
PiS Waldemar Buda
25%
KO Adam Szłapka
24%
KO Aleksandra Gajewska
24%
PiS Anna Siarkowska
24%
PiS Barbara Bartuś
24%
PiS Kamil Bortniczuk
24%
Lewica Katarzyna Kotula
24%
KO Kinga Gajewska
24%
Lewica Maciej Konieczny
24%
Lewica Andrzej Rozenek
23%
KO Michał Jaros
23%
PiS Michał Woś Minister środowiska
23%
KO Piotr Adamowicz
23%
PiS Zbigniew Rau
23%
PiS Dominik Tarczyński Wygaśnięcie mandatu - objęcie zwolnionego mandatu posła do Parlamentu Europejskiego
22%
PiS Grzegorz Puda
22%
KO Kamila Gasiuk-Pihowicz
22%
PiS Marek Ast
22%
PiS Michał Dworczyk
22%
KO Michał Gramatyka
22%
KO Paweł Zalewski
22%
KO Rajmund Miller
22%
KO Sławomir Neumann
22%
KO Tomasz Siemoniak
22%
PSL-Kukiz15 Agnieszka Ścigaj
21%
KO Franciszek Sterczewski
21%
Pis Jan Kanthak
21%
Lewica Maciej Gdula
21%
PiS Magdalena Sroka
21%
PiS Małgorzata Wassermann
21%
KO Marcin Kierwiński
21%
PiS Michał Wójcik
21%
PiS Robert Telus
21%
Lewica Romuald Ajchler
21%
KO Tomasz Zimoch
21%
PiS Dariusz Bąk
20%
PiS Jerzy Wilk
20%
PiS Joanna Lichocka
20%
PiS Radosław Fogiel
20%
KO Urszula Zielińska
20%
KO Bartłomiej Sienkiewicz
19%
PiS Jacek Ozdoba
19%
PiS Łukasz Schreiber
19%
PiS Marek Gróbarczyk Minister gospodarki morskiej i żeglugi śródlądowej
19%
KO Paulina Hennig-Kloska
19%
PiS Jarosław Zieliński
18%
PiS Maciej Wąsik
18%
PiS Mariusz Gosek Obsadzenie wygasłego mandatu w okręgu wyborczym nr 33
18%
PiS Tomasz Zieliński
18%
KO Arkadiusz Myrcha
17%
Lewica Daria Gosek-Popiołek
17%
PiS Iwona Arent
17%
KO Małgorzata Tracz
17%
KO Mateusz Bochenek
17%
PiS Michał Wypij
17%
KO Monika Rosa
17%
KO Piotr Borys
17%
PiS Rafał Bochenek
17%
PSL-Kukiz15 Urszula Pasławska
17%
PSL-Kukiz15 Władysław Bartoszewski
17%
KO Agnieszka Pomaska
16%
KO Ireneusz Raś
16%
PiS Kacper Płażyński
16%
KO Magdalena Filiks
16%
Lewica Marek Dyduch
16%
KO Cezary Grabarczyk
15%
KO Jacek Protas
15%
KO Jarosław Wałęsa
15%
KO Joanna Kluzik-Rostkowska
15%
PiS Krzysztof Czarnecki
15%
PiS Marcin Warchoł
15%
PiS Przemysław Czarnecki
15%
PiS Witold Czarnecki
15%
KO Arkadiusz Marchewka
14%
PiS Artur Soboń
14%
Lewica Beata Maciejewska
14%
PiS Ewa Leniart Wygaśnięcie mandatu - powołanie na Wojewodę Podkarpackiego
14%
KO Grzegorz Napieralski
14%
PiS Iwona Michałek
14%
KO Izabela Leszczyna
14%
PSL-Kukiz15 Jacek Protasiewicz
14%
PiS Jacek Żalek
14%
KO Jan Grabiec
14%
KO Krzysztof Piątkowski
14%
PiS Marcin Horała
14%
PiS Marcin Ociepa
14%
KO Marek Sowa
14%
KO Mirosław Suchoń
14%
Lewica Monika Falej
14%
KO Paweł Poncyljusz
14%
PiS Szymon Szynkowski vel Sęk
14%
PiS Wojciech Maksymowicz
14%
Lewica Anita Kucharska-Dziedzic
13%
KO Jagna Marczułajtis-Walczak
13%
PiS Jarosław Krajewski
13%
PiS Jarosław Sellin
13%
PSL-Kukiz15 Jolanta Fedak
13%
Lewica Karolina Pawliczak
13%
KO Katarzyna Piekarska
13%
KO Krzysztof Truskolaski
13%
Lewica Małgorzata Prokop-Paczkowska
13%
PSL-Kukiz15 Marek Biernacki
13%
PiS Piotr Król
13%
KO Rafał Grupiński
13%
KO Robert Kropiwnicki
13%
PSL-Kukiz15 Stefan Krajewski
13%
PiS Tomasz Rzymkowski
13%
PiS Wiesław Krajewski
13%
PiS Włodzimierz Tomaszewski
13%
KO Wojciech Król
13%
PiS Wojciech Murdzek Minister nauki i szkolnictwa wyższego
13%
PiS Zbigniew Girzyński
13%
PiS Anita Czerwińska
12%
PiS Arkadiusz Mularczyk
12%
KO Dariusz Rosati
12%
Lewica Dariusz Wieczorek
12%
KO Iwona Hartwich
12%
PiS Joanna Borowiak
12%
PiS Małgorzata Janowska
12%
Lewica Marcelina Zawisza
12%
PiS Marek Polak
12%
PiS Norbert Kaczmarczyk
12%
PSL-Kukiz15 Paweł Bejda
12%
Lewica Paweł Krutul
12%
PiS Piotr Polak
12%
Lewica Tadeusz Tomaszewski
12%
PSL-Kukiz15 Urszula Nowogórska
12%
KO Witold Zembaczyński
12%
Lewica Andrzej Szejna
11%
KO Barbara Dolniak
11%
KO Bogusław Sonik
11%
Lewica Bogusław Wontor
11%
PiS Bożena Borys-Szopa
11%
PSL-Kukiz15 Dariusz Klimczak
11%
PiS Dariusz Olszewski
11%
PiS Ireneusz Zyska
11%
KO Iwona Śledzińska-Katarasińska
11%
PSL-Kukiz15 Jarosław Rzepa
11%
KO Joanna Jaśkowiak
11%
PiS Lech Kołakowski
11%
PiS Leonard Krasulski
11%
PiS Maria Kurowska
11%
KO Paweł Olszewski
11%
PSL-Kukiz15 Radosław Lubczyk
11%
KO Riad Haidar
11%
Lewica Robert Kwiatkowski
11%
PiS Tomasz Latos
11%
KO Tomasz Lenz
11%
PiS Andrzej Gut-Mostowy
10%
PiS Arkadiusz Czartoryski
10%
Lewica Arkadiusz Iwaniak
10%
PiS Czesław Hoc
10%
PiS Daniel Milewski
10%
PiS Jacek Świat
10%
PSL-Kukiz15 Jan Łopata
10%
KO Joanna Fabisiak
10%
KO Krystyna Szumilas
10%
KO Krzysztof Mieszkowski
10%
PiS Krzysztof Sobolewski
10%
PiS Marek Zagórski Minister cyfryzacji
10%
KO Marta Wcisło
10%
PiS Paweł Szefernaker
10%
PSL-Kukiz15 Paweł Szramka
10%
PiS Piotr Babinetz
10%
PiS Piotr Wawrzyk
10%
PiS Stanisław Bukowiec
10%
KO Tomasz Aniśko
10%
KO Tomasz Szymański
10%
PSL-Kukiz15 Andrzej Grzyb
9%
PiS Bartłomiej Wróblewski
9%
PiS Bolesław Piecha
9%
PSL-Kukiz15 Czesław Siekierski
9%
KO Dorota Niedziela
9%
KO Ewa Kołodziej
9%
PiS Grzegorz Wojciechowski
9%
PiS Jan Mosiński
9%
Lewica Jan Szopiński
9%
PiS Katarzyna Sójka
9%
PiS Kazimierz Smoliński
9%
KO Killion Munyama
9%
Lewica Maciej Kopiec
9%
KO Maciej Lasek
9%
Lewica Małgorzata Sekuła-Szmajdzińska
9%
PiS Marek Opioła Wygaśnięcie mandatu - powołanie na Wiceprezesa Najwyższej Izby Kontroli
9%
PiS Marzena Machałek
9%
KO Michał Krawczyk
9%
PiS Mieczysław Baszko
9%
PSL-Kukiz15 Mirosław Maliszewski
9%
PiS Waldemar Andzel
9%
Lewica Wiesław Buż
9%
PiS Bartosz Kownacki
8%
KO Czesław Mroczek
8%
PiS Dominika Chorosińska
8%
PiS Ewa Kozanecka
8%
KO Gabriela Lenartowicz
8%
PSL-Kukiz15 Jacek Tomczak
8%
PiS Jerzy Polaczek
8%
KO Małgorzata Chmiel
8%
Lewica Marek Rutka
8%
KO Marzena Okła-Drewnowicz
8%
KO Monika Wielichowska
8%
KO Robert Tyszkiewicz
8%
PiS Szymon Giżyński
8%
Lewica Wiesław Szczepański
8%
PiS Adam Lipiński
7%
PiS Anna Milczanowska
7%
KO Artur Łącki
7%
PSL-Kukiz15 Bożena Żelazowska
7%
PiS Edward Siarka
7%
PiS Grzegorz Woźniak
7%
Lewica Jacek Czerniak
7%
KO Jerzy Borowczak
7%
Lewica Katarzyna Ueberhan
7%
KO Kazimierz Plocke
7%
KO Konrad Frysztak
7%
PiS Krzysztof Tchórzewski
7%
Lewica Marcin Kulasek
7%
PSL-Kukiz15 Mieczysław Kasprzak
7%
PiS Mirosława Stachowiak-Różecka
7%
PiS Paweł Lisiecki
7%
Lewica Robert Obaz
7%
PiS Tadeusz Woźniak
7%
KO Urszula Augustyn
7%
KO Waldy Dzikowski
7%
PiS Agnieszka Górska
6%
KO Aleksander Miszalski
6%
Lewica Anita Sowińska
6%
PiS Anna Gembicka
6%
PiS Dariusz Stefaniuk
6%
KO Henryka Krzywonos-Strycharska
6%
KO Jakub Rutnicki
6%
PiS Jerzy Małecki
6%
KO Joanna Frydrych
6%
PiS Kazimierz Moskal
6%
PiS Maciej Górski
6%
PiS Maciej Małecki
6%
KO Małgorzata Niemczyk
6%
KO Mariusz Witczak
6%
KO Marta Golbik
6%
Lewica Zdzisław Wolski
6%
PiS Andrzej Szlachta Obsadzenie wygasłego mandatu w okręgu wyborczym nr 23
5%
PiS Anna Krupka
5%
PiS Anna Kwiecień
5%
PiS Anna Paluch
5%
PiS Ewa Malik
5%
KO Izabela Mrzygłocka
5%
PiS Jan Dziedziczak
5%
PiS Janusz Śniadek
5%
Lewica Katarzyna Kretkowska
5%
KO Krystyna Skowrońska
5%
PSL-Kukiz15 Krzysztof Paszyk
5%
KO Magdalena Łośko
5%
KO Marek Rząsa
5%
KO Maria Janyska
5%
PiS Mariusz Kałużny
5%
KO Paweł Papke
5%
Lewica Przemysław Koperski
5%
PiS Robert Gontarz
5%
PiS Sylwester Tułajew
5%
KO Tadeusz Zwiefka
5%
PiS Zbigniew Hoffmann
5%
PiS Andrzej Gawron
4%
PiS Barbara Dziuk
4%
PSL-Kukiz15 Dariusz Kurzawa
4%
KO Elżbieta Gelert
4%
KO Eugeniusz Czykwin
4%
PiS Ewa Szymańska
4%
PiS Gabriela Masłowska
4%
PiS Grzegorz Matusiak
4%
KO Janusz Cichoń
4%
PiS Jerzy Bielecki
4%
PiS Jerzy Paul
4%
KO Katarzyna Osos
4%
PiS Kazimierz Gwiazdowski
4%
KO Marek Hok
4%
KO Mirosława Nykiel
4%
PiS Piotr Sak
4%
PiS Rafał Weber
4%
KO Sławomir Piechota
4%
PiS Stanisław Szwed
4%
PiS Władysław Dajczak Wygaśnięcie mandatu - powołanie na Wojewodę Lubuskiego
4%
KO Wojciech Saługa
4%
PSL-Kukiz15 Zbigniew Ziejewski
4%
PiS Adam Gawęda
3%
KO Agnieszka Hanajczyk
3%
PiS Agnieszka Soin
3%
PiS Aleksandra Szczudło
3%
PiS Andrzej Kosztowniak
3%
PiS Andrzej Kryj
3%
KO Andrzej Szewiński
3%
PiS Anna Cicholska
3%
PiS Anna Dąbrowska-Banaszek
3%
PiS Anna Pieczarka
3%
PiS Artur Szałabawka
3%
PiS Beata Mateusiak-Pielucha
3%
KO Elżbieta Gapińska
3%
PiS Elżbieta Płonka
3%
KO Iwona Kozłowska
3%
PiS Jarosław Gonciarz
3%
PiS Kazimierz Choma
3%
PiS Kazimierz Gołojuch
3%
KO Krzysztof Gadowski
3%
PiS Krzysztof Kubów
3%
PiS Krzysztof Lipiec
3%
PiS Małgorzata Golińska
3%
PiS Małgorzata Jarosińska-Jedynak minister funduszy i polityki regionalnej
3%
KO Małgorzata Pępek
3%
PiS Marcin Duszek
3%
PiS Marcin Gwóźdź
3%
PiS Marcin Porzucek
3%
KO Marek Krząkała
3%
PiS Marek Wesoły
3%
PiS Marta Kubiak
3%
PiS Patryk Wicher
3%
PiS Piotr Uruski
3%
KO Piotr Zientarski
3%
PiS Ryszard Bartosik
3%
KO Tadeusz Aziewicz
3%
PiS Teresa Wargocka
3%
KO Tomasz Głogowski
3%
Pis Urszula Rusecka
3%
PiS Violetta Porowska
3%
PiS Wiesław Janczyk
3%
PiS Wojciech Szarama
3%
PiS Zbigniew Dolata
3%
KO Zbigniew Konwiński
3%
PiS Agata Wojtyszek
2%
PiS Aleksander Mrówczyński
2%
PiS Anna Schmidt-Rodziewicz
2%
KO Anna Wasilewska
2%
PiS Bartłomiej Dorywalski
2%
PiS Beata Strzałka
2%
PiS Ewa Filipiak
2%
PiS Fryderyk Kapinos
2%
PiS Grzegorz Gaża
2%
PiS Grzegorz Lorek
2%
PiS Grzegorz Piechowiak
2%
KO Grzegorz Rusiecki
2%
PiS Jacek Kurzępa Obsadzenie wygasłego mandatu w okręgu wyborczym nr 8
2%
PiS Jacek Osuch
2%
PiS Jan Warzecha
2%
KO Jerzy Hardie-Douglas
2%
PiS Jerzy Materna
2%
PiS Józefa Szczurek-Żelazko
2%
PiS Katarzyna Czochara
2%
PiS Kazimierz Matuszny
2%
KO Krystyna Sibińska
2%
KO Krzysztof Grabczuk
2%
PiS Krzysztof Szulowski
2%
PiS Leszek Dobrzyński
2%
PiS Leszek Galemba
2%
PiS Lidia Burzyńska
2%
PiS Marek Matuszewski
2%
PiS Paweł Hreniak
2%
PiS Paweł Rychlik
2%
PiS Piotr Uściński
2%
PiS Przemysław Drabek
2%
PiS Robert Warwas
2%
KO Ryszard Wilczyński
2%
PiS Sławomir Skwarek
2%
PiS Tadeusz Chrzan
2%
PiS Teresa Glenc
2%
PiS Teresa Hałas
2%
PiS Teresa Pamuła
2%
KO Tomasz Kostuś
2%
PiS Tomasz Ławniczak
2%
KO Tomasz Olichwer
2%
PiS Waldemar Olejniczak Obsadzenie wygasłego mandatu w okręgu wyborczym nr 16
2%
KO Waldemar Sługocki
2%
PiS Władysław Kurowski
2%
PiS Wojciech Kossakowski
2%
PiS Wojciech Zubowski
2%
PiS Zbigniew Babalski
2%
PiS Zbigniew Chmielowiec
2%
KO Zofia Czernow
2%
PiS Adam Śnieżek
1%
PiS Krzysztof Kozik
1%
PiS Marek Kwitek
1%
PiS Mariusz Trepka
1%
PiS Zdzisław Sipiera
1%
PiS Sławomir Zawiślak
0%
Nie znaleziono quizów pasujących do podanych kryteriów
Rozkład punktacji
Procent ludzi z każdym wynikiem
Percentyl według liczby udzielonych odpowiedzi
Twoja historia wyników
Nie rozwiązałeś tego quizu